1534 1627 1055 1188 1023 1334 1856 1631 1214 1545 1506 1527 1856 1542 1574 1312 1291 1375 1415 1167 1083 1538 1029 1134 1562 1501 1248 1692 1216 1336 1439 1898 1587 1077 1838 1440 1747 1860 1147 1021 1673 1778 1550 1026 1705 1557 1009 1874 1729 1598 1196 1486 1016 1720 1339 1875 1263 1935 1121 1580 1323 1970 1592 1930 1794 1886 1565 1934 1717 1747 1394 1067 1273 1471 1964 1221 1187 1619 1033 1098 1075 1818 1355 1223 1404 1127 1590 1456 1197 1258 1978 1446 1670 1944 1614 1531 1027 1330 1099 BCNSPRNW ULIB Ver.6.0+V

เปลี่ยนเป็นภาษาไทย

Change to English
 แสดงรายละเอียดบรรณานุกรม
  กลับหน้าหลัก

Brief Record : Get Marc (ISO 2709) : E-mail record : QR code < ปิดหน้าต่าง
LEADER : 00000nam 2200000uu 4500
001    13399122551
003     ULIB
008    020711s2548 th a 000 0 tha d
020    9743413928
020    9789743413926
090    นว.^bอ111ล
100    อาธา คริสตี้,^eเขียน
245    ลางสังหาร./^cอาธา คริสตี้ ; เขียน , กัณหา แก้วไทย ; แปล
250    พิมพ์ครั้งที่ 1
260    กรุงเทพฯ :^bสร้างสรรค์บุ๊คส์,^c2548
300    341 หน้า
700 1  กัณหา แก้วไทย,^eแปล
945    ^p170^l0^i19999
999    ^aทศพร เกษรทอง
รายการนี้ยังไม่มีแท็ก
คุณยังไม่ได้ล็อกอิน คุณสามารถมีกิจกรรมร่วมกับเว็บไซต์ได้ แต่ต้องล็อกอินก่อน ::
  ล็อกอิน

รายการสื่อสารสนเทศ

ลำดับที่ ประเภท เลขเรียก/บาร์โค้ด สถานที่ สถานะ
1. นวนิยาย
นวนิยาย
นว. อ111ล ฉ.1 
  Barcode: 19999
ห้องสมุดวิทยาเขตสวรรค์ประชารักษ์
►นวนิยาย
บนชั้น
  ขอยืม

BibComment


ยังไม่เคยถูกคอมเมนท์

คอมเมนท์ทรัพยากรรายการนี้
  คอมเมนท์: ลางสังหาร อาธา คร..


 Copyright 2026. Bcnsprnw @Library